| 000 | 00416nam a2200169Ia 4500 | ||
|---|---|---|---|
| 008 | 230524s9999 xx 000 0 und d | ||
| 020 | _a818574908 | ||
| 082 |
_a621.3822 _bSHA |
||
| 100 | _aSanjay Sharma | ||
| 245 | 0 | _aSignals and Systems (With Matlab Programs) | |
| 250 | _a7 | ||
| 260 |
_aNew Delhi _bKatson _c2011 |
||
| 300 | _a874p: | ||
| 500 | _aQuantity Number: 1 | ||
| 650 | _aElectronics | ||
| 942 | _cBK | ||
| 999 |
_c56405 _d56405 |
||